000 00620cam a2200205 4500500
005 20260405001213.0
041 _afre
042 _adc
100 1 0 _aLacroix, Alexandre
_eauthor
245 0 0 _aJulian Assange / Peter Singer. Changer le monde, mode d’emploi
260 _c2011.
500 _a82
690 _aAssange
690 _aMorale
690 _aSinger
690 _aTransparence
690 _aWikileaks
786 0 _nPhilosophie magazine | 55 | 12 | 2011-12-01 | p. 9-15 | 1951-1787
856 4 1 _uhttps://shs.cairn.info/magazine-philosophie-magazine-2011-12-page-9?lang=fr&redirect-ssocas=7080
999 _c2045187
_d2045187